[Event "BCF-ch U08 rapid"]
[White "Singh, Amandeep4"]
[Black "Stamolampros, Raphael"]
[Site "Hull"]
[Round "2"]
[Result "1-0"]
[Date "2024.07.26"]
[WhiteElo "1546"]
[BlackElo "1007"]
[PlyCount "65"]
[EventDate "2024.07.26"]
[EventType "swiss (rapid)"]
[EventRounds "9"]
[EventCountry "ENG"]
[SourceTitle "CBM 221 Extra"]
[Source "ChessBase"]
[SourceDate "2024.09.30"]
[SourceVersion "1"]
[SourceVersionDate "2024.09.30"]
[SourceQuality "1"]

1. e4 e5 2. Nf3 d6 3. d4 exd4 4. Nxd4 c5 5. Nf3 Nc6 6. Nc3 Nf6 7. Bd3 Be6 8. Bg5 Be7 9. 0-0 0-0 10. Re1 c4 11. Bf1 Qc7 12. Nd5 Bxd5 13. exd5 Nb4 14. Bxf6 Bxf6 15. c3 Na6 16. Qe2 b5 17. a4 Nc5 18. axb5 Nb3 19. Ra6 Na5 20. Ra1 Nb3 21. Rc6 Qe7 22. Qxe7 Bxe7 23. Re1 Rfe8 24. Rxc4 Bf8 25. Rxe8 Rxe8 26. Rc7 Ra8 27. Ng5 f6 28. Ne6 Nd2 29. Rd7 Nxf1 30. Kxf1 a6 31. bxa6 Rxa6 32. Rd8 Ra1+ 33. Ke2 1-0

[Event "BCF-ch U08 rapid"]
[White "Stamolampros, Raphael"]
[Black "Chernyy, Robert"]
[Site "Hull"]
[Round "3"]
[Result "1-0"]
[Date "2024.07.26"]
[WhiteElo "1007"]
[BlackElo "465"]
[PlyCount "87"]
[EventDate "2024.07.26"]
[EventType "swiss (rapid)"]
[EventRounds "9"]
[EventCountry "ENG"]
[SourceTitle "CBM 221 Extra"]
[Source "ChessBase"]
[SourceDate "2024.09.30"]
[SourceVersion "1"]
[SourceVersionDate "2024.09.30"]
[SourceQuality "1"]

1. c4 e5 2. g3 Nc6 3. Bg2 Nf6 4. Nc3 Bb4 5. Nd5 d6 6. Nxb4 Nxb4 7. a3 Nc6 8. b4 Bf5 9. b5 Nd4 10. d3 Ne6 11. Bxb7 Rb8 12. Bc6+ Nd7 13. Bg2 0-0 14. Nf3 Ndc5 15. 0-0 Bg4 16. h3 Bxf3 17. Bxf3 Nd4 18. Bg2 Ncb3 19. Rb1 Nxc1 20. Rxc1 Nf5 21. g4 Nh4 22. Bh1 Qf6 23. Qd2 Qf4 24. Qxf4 exf4 25. e3 fxe3 26. fxe3 Rbe8 27. e4 Ra8 28. Kh2 a6 29. a4 axb5 30. axb5 Ra2+ 31. Kg3 Ng6 32. h4 Re8 33. Rcd1 Ne5 34. Kf4 Ng6+ 35. Kg3 Rd8 36. Rf2 Rda8 37. e5 dxe5 38. Bxa8 Rxa8 39. d4 Ra3+ 40. Rf3 e4 41. Rxa3 e3 42. h5 e2 43. hxg6 exd1Q 44. Ra8# 1-0

[Event "BCF-ch U08 rapid"]
[White "Thota, Dhruva"]
[Black "Stamolampros, Raphael"]
[Site "Hull"]
[Round "5"]
[Result "1-0"]
[Date "2024.07.26"]
[WhiteElo "684"]
[BlackElo "1007"]
[PlyCount "47"]
[EventDate "2024.07.26"]
[EventType "swiss (rapid)"]
[EventRounds "9"]
[EventCountry "ENG"]
[SourceTitle "CBM 221 Extra"]
[Source "ChessBase"]
[SourceDate "2024.09.30"]
[SourceVersion "1"]
[SourceVersionDate "2024.09.30"]
[SourceQuality "1"]

1. e4 e5 2. Nf3 d6 3. Bc4 Nc6 4. d3 Be6 5. Bxe6 fxe6 6. Ng5 Qf6 7. 0-0 d5 8. exd5 exd5 9. c4 d4 10. f4 h6 11. fxe5 Nxe5 12. Rxf6 gxf6 13. Ne6 Rc8 14. Bf4 Be7 15. Bxe5 fxe5 16. Qh5+ Kd7 17. Qxe5 Nf6 18. Na3 c5 19. Re1 Rc6 20. g3 Re8 21. Nb5 a6 22. Na7 Bd8 23. Nxc6 bxc6 24. Qxc5 1-0